Language Quiz

Random Language or Letter Quiz

Alphabetical Missing Letters Quiz Stats

Quiz Updated Aug 31, 2017

Challenge
Share
Tweet
Embed
Score 0/26 Timer 15:00
1 Play Today
Leftover Letters Word % Correct
srechstretch
70.1%
axiumaximum
69.6%
sotricesoteric
63.9%
illowillow
61.2%
gpsgypsy
59.6%
fgefugue
58.1%
romaroma
56.5%
anarefanfare
53.9%
coidocorridor
53.3%
ninonion
52.7%
weterwhether
51.7%
eroxerox
50.1%
euiennui
48.8%
Leftover Letters Word % Correct
uinueremequinquereme
48.8%
iviendividend
47.8%
sunskunk
46.7%
uypuppy
45.9%
ylicyclic
43.7%
egaylegally
42%
ciorscissor(s)
41.4%
radradii
39.6%
ereverve
38.8%
eunejejune
38.7%
ulebubble
38.7%
pulepuzzle
36.4%
ilingiggling
34.2%

You're not logged in!

Compare scores with friends on all Sporcle quizzes.
Sign Up with Email
OR
Log In

You Might Also Like...

Show Comments

Extras

Top Quizzes Today


Score Distribution

Your Account Isn't Verified!

In order to create a playlist on Sporcle, you need to verify the email address you used during registration. Go to your Sporcle Settings to finish the process.